20 titres les plus écoutés de Linkin Park - Statistiques

Statistiques générales
  • Ce quiz a été pris 85 fois
  • Le résultat moyen est 13 sur 20
Statistiques - réponses
Nb. d'écoutes Album Note % Correct
+ 2 608 000 000 Meteora Numb
100%
+ 1 258 000 000 Collision Course Numb/Encore JAY-Z & Linkin Park
100%
+ 3 005 000 000 Hybrid Theory In The End
91%
+ 1 321 000 000 Minutes to Midnight What I've Done
77%
+ 777 000 000 From Zero The Emptiness Machine
75%
+ 1 233 000 000 Meteora Faint
73%
+ 887 000 000 Hybrid Theory Crawling
69%
+ 771 000 000 Hybrid Theory Papercut
66%
+ 527 810 000 One More Light One More Light
64%
+ 961 000 000 Meteora Somewhere I Belong
64%
+ 406 000 000 One More Light Heavy (feat. Kiiara)
61%
+ 648 000 000 Meteora Breaking the Habit
59%
+ 417 000 000 From Zero Heavy Is the Crown
59%
+ 1 143 000 000 Hybrid Theory One Step Closer
58%
+ 527 927 000 Minutes to Midnight Given Up
56%
+ 881 000 000 Minutes to Midnight Bleed It Out
52%
+ 522 000 000 LIVING THINGS CASTLE OF GLASS
50%
+ 466 000 000 Transformers: Revenge Of The Fallen - The Album New Divide
50%
+ 686 000 000 LIVING THINGS BURN IT DOWN
42%
+ 456 000 000 Meteora Lying from You
41%
Aucun quiz correspondant
Distribution des résultats
% des personnes avec chaque résultat
Percentile par nombre de réponses
Votre historique - résultats
Vous n’avez pas pris ce quiz